000 01329nam2a2200289 4500
001 RU\NLR\bibl\2081633
005 20250616224030.0
010 _a978-5-383-00842-3
_91000
_bч. 1
021 _aRU
_b2013-71768
_94918
035 _a(NLR Aleph) 002072872
090 _a4773987
_c4773987
100 _a20131026d2013 |||y0rusy50 ca
101 0 _arus
102 _aRU
105 _aa |||||||||
200 1 _aУстройство электрических сетей
210 _d2013
_aБ. м.
215 _a427 с.
_cил.
320 _aБиблиогр. в конце гл.
461 0 _1001RU\NLR\bibl\2084737
_12001#$aБезопасность электрических сетей в вопросах и ответах$vЧ. 1
_94793127
_aБалаков, Ю. Н. (1941-)
_cМосква
_d2013
_fЮ.Н. Балаков
_nИздательский дом МЭИ
_oпрактическое пособие : в 2 ч.
_tБезопасность электрических сетей в вопросах и ответах
_y9785383008416
_vЧ. 1
606 0 _aЭлектрические сети
_jПрактические пособия
_xЭксплуатация
_91993516
_3RU\NLR\AUTH\661200919
686 1 _aЗ279-082я7-1
801 0 _aRU
_bNLR
_c20131011
_gRCR
801 1 _aRU
_bNLR
_c20131011
942 _cBOOK
980 _aNB